[Event "EYCC 2024 - O16"]
[Site "?"]
[Date "2024.08.26"]
[Round "5.1"]
[White "Kvaloy, Aksel Bu"]
[Black "Kuhn, Clement"]
[Result "1-0"]
[BlackElo "2344"]
[WhiteElo "2487"]
[LiveChessVersion "1.4.8"]

1. e4 {[%clk 1:30:54]} c5 {[%clk 1:30:32]} 2. Nf3 {[%clk 1:31:14]} d6
{[%clk 1:30:46]} 3. d4 {[%clk 1:31:40]} cxd4 {[%clk 1:31:13]} 4. Nxd4
{[%clk 1:32:06]} Nf6 {[%clk 1:31:39]} 5. Nc3 {[%clk 1:32:31]} Nc6
{[%clk 1:31:35]} 6. Bg5 {[%clk 1:32:34]} e6 {[%clk 1:32:00]} 7. Qd2
{[%clk 1:32:46]} a6 {[%clk 1:32:06]} 8. Nxc6 {[%clk 1:32:28]} bxc6
{[%clk 1:32:30]} 9. O-O-O {[%clk 1:32:43]} Be7 {[%clk 1:23:52]} 10. Bxf6
{[%clk 1:32:44]} gxf6 {[%clk 1:19:56]} 11. Bc4 {[%clk 1:32:33]} Qa5
{[%clk 1:13:13]} 12. Kb1 {[%clk 1:25:43]} Bd7 {[%clk 1:12:40]} 13. Bb3
{[%clk 1:24:35]} Rb8 {[%clk 1:03:16]} 14. f4 {[%clk 1:18:17]} Qb6
{[%clk 0:52:21]} 15. Qe2 {[%clk 1:05:36]} c5 {[%clk 0:43:01]} 16. f5
{[%clk 1:00:45]} O-O {[%clk 0:33:41]} 17. Rd3 {[%clk 0:46:21]} Kh8
{[%clk 0:33:38]} 18. Rg3 {[%clk 0:44:34]} Rg8 {[%clk 0:28:20]} 19. Qh5
{[%clk 0:39:41]} Rg7 {[%clk 0:17:07]} 20. Qh6 {[%clk 0:34:17]} Rgg8
{[%clk 0:16:58]} 21. Qh5 {[%clk 0:27:52]} Rg7 {[%clk 0:16:11]} 22. Nd1
{[%clk 0:25:09]} Qb4 {[%clk 0:12:00]} 23. Rxg7 {[%clk 0:23:32]} Kxg7
{[%clk 0:12:29]} 24. Qg4+ {[%clk 0:23:25]} Kh8 {[%clk 0:12:08]} 25. fxe6
{[%clk 0:22:43]} Bc8 {[%clk 0:05:21]} 26. Qh5 {[%clk 0:19:04]} Bxe6
{[%clk 0:04:34]} 27. Bxe6 {[%clk 0:19:04]} fxe6 {[%clk 0:04:48]} 28. Qf7
{[%clk 0:19:14]} Bf8 {[%clk 0:04:14]} 29. Qxe6 {[%clk 0:18:45]} Qb5
{[%clk 0:02:46]} 30. Re1 {[%clk 0:15:52]} Qb6 {[%clk 0:02:11]} 31. Re3
{[%clk 0:13:11]} Qc6 {[%clk 0:02:08]} 32. Rg3 {[%clk 0:11:25]} Bg7
{[%clk 0:02:34]} 33. Qe7 {[%clk 0:11:36]} Rg8 {[%clk 0:02:36]} 34. Ne3
{[%clk 0:10:54]} Qb5 {[%clk 0:01:42]} 35. b3 {[%clk 0:09:28]} f5 {[%clk 0:01:43]}
36. Rxg7 {[%clk 0:09:33]} Rxg7 {[%clk 0:02:12]} 37. Qf8+ {[%clk 0:09:55]} Rg8
{[%clk 0:02:40]} 38. Qf6+ {[%clk 0:10:19]} Rg7 {[%clk 0:03:09]} 39. Nxf5
{[%clk 0:09:44]} Qf1+ {[%clk 0:03:37]} 40. Kb2 {[%clk 0:10:05]} Qxg2
{[%clk 0:04:05]} 41. Nh6 {[%clk 0:08:39]} Qf1 {[%clk 0:02:16]} 42. Qd8+
{[%clk 0:08:49]} 1-0

[Event "EYCC 2024 - O16"]
[Site "?"]
[Date "2024.08.26"]
[Round "5.2"]
[White "Erten, Kerem"]
[Black "Materia, Marco"]
[Result "0-1"]
[BlackElo "2457"]
[WhiteElo "2331"]
[LiveChessVersion "1.4.8"]

1. e4 {[%clk 1:30:40]} c5 {[%clk 1:30:56]} 2. Nf3 {[%clk 1:30:56]} d6
{[%clk 1:31:23]} 3. d4 {[%clk 1:29:29]} cxd4 {[%clk 1:31:49]} 4. Nxd4
{[%clk 1:29:55]} Nf6 {[%clk 1:32:16]} 5. Nc3 {[%clk 1:30:14]} Nc6
{[%clk 1:32:42]} 6. Bc4 {[%clk 1:27:14]} e6 {[%clk 1:32:31]} 7. Be3
{[%clk 1:25:26]} a6 {[%clk 1:31:40]} 8. Qe2 {[%clk 1:20:44]} Bd7 {[%clk 1:30:35]}
9. a4 {[%clk 1:15:01]} Be7 {[%clk 1:21:07]} 10. O-O {[%clk 1:13:48]} O-O
{[%clk 1:09:04]} 11. Bb3 {[%clk 1:06:56]} Na5 {[%clk 1:03:55]} 12. Ba2
{[%clk 1:04:41]} Rc8 {[%clk 1:03:19]} 13. Rad1 {[%clk 0:56:10]} Rxc3
{[%clk 0:58:14]} 14. bxc3 {[%clk 0:55:08]} Nxe4 {[%clk 0:57:52]} 15. Bd2
{[%clk 0:46:30]} Nxd2 {[%clk 0:53:27]} 16. Qxd2 {[%clk 0:42:27]} Qc7
{[%clk 0:43:45]} 17. Rfe1 {[%clk 0:39:33]} Bf6 {[%clk 0:42:09]} 18. Qd3
{[%clk 0:35:41]} d5 {[%clk 0:37:35]} 19. Bb3 {[%clk 0:31:48]} Rc8
{[%clk 0:37:21]} 20. Re3 {[%clk 0:30:33]} g6 {[%clk 0:30:45]} 21. g3
{[%clk 0:27:18]} Qb6 {[%clk 0:29:05]} 22. Rde1 {[%clk 0:23:45]} Nc4
{[%clk 0:26:09]} 23. R3e2 {[%clk 0:21:56]} Bg7 {[%clk 0:21:00]} 24. h4
{[%clk 0:18:24]} h5 {[%clk 0:18:35]} 25. Bxc4 {[%clk 0:15:58]} Rxc4
{[%clk 0:18:23]} 26. Nxe6 {[%clk 0:14:37]} Rxc3 {[%clk 0:13:12]} 27. Qxd5
{[%clk 0:12:28]} Bxe6 {[%clk 0:13:31]} 28. Rxe6 {[%clk 0:11:18]} fxe6
{[%clk 0:13:57]} 29. Rxe6 {[%clk 0:11:43]} Qd4 {[%clk 0:12:49]} 30. Qxd4
{[%clk 0:10:44]} Bxd4 {[%clk 0:13:14]} 31. Rxg6+ {[%clk 0:11:09]} Kf7
{[%clk 0:13:25]} 32. Rd6 {[%clk 0:11:31]} Rxg3+ {[%clk 0:13:15]} 33. Kf1
{[%clk 0:11:31]} Rg4 {[%clk 0:13:27]} 34. Rd7+ {[%clk 0:11:56]} Ke6
{[%clk 0:13:49]} 35. Rxb7 {[%clk 0:12:19]} Rxh4 {[%clk 0:13:39]} 36. Rb4
{[%clk 0:10:56]} Rf4 {[%clk 0:13:24]} 37. Ke2 {[%clk 0:10:52]} Rxf2+
{[%clk 0:13:37]} 38. Kd3 {[%clk 0:11:16]} Bc5 {[%clk 0:13:52]} 39. Rb8
{[%clk 0:11:33]} Rf8 {[%clk 0:14:11]} 40. Rb1 {[%clk 0:11:53]} h4
{[%clk 0:14:21]} 41. Kc4 {[%clk 0:12:19]} Bd6 {[%clk 0:14:37]} 42. Re1+
{[%clk 0:12:32]} 0-1

[Event "EYCC 2024 - O16"]
[Site "?"]
[Date "2024.08.26"]
[Round "5.3"]
[White "Durak, Can"]
[Black "Medhus, Vitus Bondo"]
[Result "1-0"]
[BlackElo "2310"]
[WhiteElo "2442"]
[LiveChessVersion "1.4.8"]

1. Nf3 {[%clk 1:29:44]} d5 {[%clk 1:30:50]} 2. g3 {[%clk 1:29:45]} c5
{[%clk 1:30:37]} 3. Bg2 {[%clk 1:29:50]} Nf6 {[%clk 1:30:59]} 4. O-O
{[%clk 1:29:44]} e6 {[%clk 1:31:16]} 5. d3 {[%clk 1:28:43]} Be7 {[%clk 1:28:31]}
6. Nbd2 {[%clk 1:28:45]} O-O {[%clk 1:24:48]} 7. e4 {[%clk 1:27:06]} Nc6
{[%clk 1:21:12]} 8. Re1 {[%clk 1:25:54]} b6 {[%clk 1:15:07]} 9. e5
{[%clk 1:24:36]} Nd7 {[%clk 1:14:42]} 10. Nf1 {[%clk 1:24:22]} Qc7
{[%clk 1:12:23]} 11. Bf4 {[%clk 1:23:20]} Bb7 {[%clk 1:08:50]} 12. h4
{[%clk 1:22:12]} d4 {[%clk 1:02:01]} 13. h5 {[%clk 1:21:43]} Nb4 {[%clk 0:59:03]}
14. h6 {[%clk 1:18:01]} g6 {[%clk 0:59:07]} 15. Qd2 {[%clk 1:14:19]} a5
{[%clk 0:44:46]} 16. a3 {[%clk 1:09:01]} Nd5 {[%clk 0:45:09]} 17. Bg5
{[%clk 1:09:20]} Bxg5 {[%clk 0:39:28]} 18. Qxg5 {[%clk 1:08:35]} Qd8
{[%clk 0:38:32]} 19. Qd2 {[%clk 1:08:43]} Ne7 {[%clk 0:37:28]} 20. N1h2
{[%clk 1:07:04]} Rc8 {[%clk 0:35:20]} 21. Ng4 {[%clk 1:03:11]} b5
{[%clk 0:34:02]} 22. Ng5 {[%clk 1:00:39]} Bxg2 {[%clk 0:33:43]} 23. Kxg2
{[%clk 1:00:34]} c4 {[%clk 0:31:37]} 24. Ne4 {[%clk 0:53:10]} c3 {[%clk 0:29:58]}
25. bxc3 {[%clk 0:50:51]} dxc3 {[%clk 0:30:22]} 26. Nxc3 {[%clk 0:47:00]} Qc7
{[%clk 0:30:38]} 27. Ne4 {[%clk 0:45:08]} Kh8 {[%clk 0:28:04]} 28. Qg5
{[%clk 0:44:13]} Nf5 {[%clk 0:27:00]} 29. Ra2 {[%clk 0:44:15]} b4
{[%clk 0:25:10]} 30. axb4 {[%clk 0:43:50]} axb4 {[%clk 0:25:34]} 31. Rb1
{[%clk 0:37:51]} Rb8 {[%clk 0:23:01]} 32. Rab2 {[%clk 0:36:41]} Kg8
{[%clk 0:21:02]} 33. Qf4 {[%clk 0:36:43]} Rb5 {[%clk 0:20:34]} 34. Rxb4
{[%clk 0:34:13]} Rxb4 35. Rxb4 {[%clk 0:34:41]} Qxc2 {[%clk 0:21:13]} 36. Rb7
{[%clk 0:34:49]} Nb8 {[%clk 0:20:56]} 37. Ng5 {[%clk 0:34:12]} Qc6+
{[%clk 0:12:20]} 38. Qe4 {[%clk 0:34:35]} 1-0

[Event "EYCC 2024 - O16"]
[Site "?"]
[Date "2024.08.26"]
[Round "5.4"]
[White "Magold, Filip"]
[Black "Vagman, Roy"]
[Result "1-0"]
[BlackElo "2302"]
[WhiteElo "2425"]
[LiveChessVersion "1.4.8"]

1. e4 {[%clk 1:30:37]} c5 {[%clk 1:30:53]} 2. Nf3 {[%clk 1:31:03]} d6
{[%clk 1:31:18]} 3. d4 {[%clk 1:31:29]} cxd4 {[%clk 1:31:43]} 4. Nxd4
{[%clk 1:31:55]} Nf6 {[%clk 1:32:05]} 5. Nc3 {[%clk 1:32:22]} Nc6
{[%clk 1:32:28]} 6. Bg5 {[%clk 1:32:49]} e6 {[%clk 1:32:48]} 7. Qd2
{[%clk 1:33:15]} a6 {[%clk 1:32:59]} 8. O-O-O {[%clk 1:33:40]} Bd7
{[%clk 1:33:22]} 9. f4 {[%clk 1:33:45]} Be7 {[%clk 1:33:18]} 10. Nf3
{[%clk 1:34:04]} b5 {[%clk 1:33:38]} 11. Bxf6 {[%clk 1:34:27]} gxf6
{[%clk 1:34:00]} 12. f5 {[%clk 1:34:53]} Qa5 {[%clk 1:32:42]} 13. Kb1
{[%clk 1:34:56]} h5 {[%clk 1:30:46]} 14. Bd3 {[%clk 1:35:21]} O-O-O
{[%clk 1:28:14]} 15. Qf2 {[%clk 1:35:45]} Kb7 {[%clk 1:25:01]} 16. Ne2
{[%clk 1:35:13]} Qb6 {[%clk 1:17:22]} 17. Qe1 {[%clk 1:35:39]} Ne5
{[%clk 1:11:42]} 18. Nf4 {[%clk 1:20:06]} Qc5 {[%clk 0:59:58]} 19. fxe6
{[%clk 1:14:29]} fxe6 {[%clk 0:59:46]} 20. c3 {[%clk 1:07:37]} Nxd3
{[%clk 0:46:00]} 21. Rxd3 {[%clk 1:07:26]} Rhg8 {[%clk 0:43:36]} 22. Ka1
{[%clk 1:02:29]} Rde8 {[%clk 0:38:33]} 23. Qe2 {[%clk 1:00:01]} f5
{[%clk 0:31:04]} 24. Rhd1 {[%clk 0:59:51]} fxe4 {[%clk 0:19:17]} 25. Qxe4+
{[%clk 0:59:12]} Qc6 {[%clk 0:18:02]} 26. Qe2 {[%clk 0:59:21]} Qc4
{[%clk 0:13:13]} 27. g3 {[%clk 0:57:16]} Bc6 {[%clk 0:10:31]} 28. Nd2
{[%clk 0:49:02]} Qc5 {[%clk 0:10:14]} 29. Nxe6 {[%clk 0:47:51]} Qe5
{[%clk 0:10:23]} 30. Re3 {[%clk 0:48:06]} Qh8 {[%clk 0:07:50]} 31. Nb3
{[%clk 0:48:10]} 1-0

[Event "EYCC 2024 - O16"]
[Site "?"]
[Date "2024.08.26"]
[Round "5.5"]
[White "Habans Aguerrea, Javier"]
[Black "Perossa, Nicolas"]
[Result "1-0"]
[BlackElo "2187"]
[WhiteElo "2395"]
[LiveChessVersion "1.4.8"]

1. d4 {[%clk 1:30:54]} d5 {[%clk 1:30:35]} 2. c4 {[%clk 1:31:14]} e6
{[%clk 1:31:01]} 3. Nf3 {[%clk 1:31:25]} Nf6 {[%clk 1:31:02]} 4. g3
{[%clk 1:31:49]} Be7 {[%clk 1:31:27]} 5. Bg2 {[%clk 1:32:12]} O-O
{[%clk 1:31:52]} 6. Qd3 {[%clk 1:32:34]} Nbd7 {[%clk 1:08:57]} 7. O-O
{[%clk 1:26:40]} c5 {[%clk 1:01:30]} 8. cxd5 {[%clk 1:26:04]} Nxd5
{[%clk 1:01:08]} 9. Nc3 {[%clk 1:25:23]} Nb4 {[%clk 0:47:06]} 10. Qb1
{[%clk 1:21:47]} Nf6 {[%clk 0:37:59]} 11. Rd1 {[%clk 1:03:17]} Nbd5
{[%clk 0:27:44]} 12. Nxd5 Qxd5 {[%clk 0:25:56]} 13. Be3 {[%clk 0:49:00]} Qh5
{[%clk 0:15:38]} 14. dxc5 {[%clk 0:47:04]} Ng4 {[%clk 0:15:07]} 15. Qe4
{[%clk 0:41:07]} Nxe3 {[%clk 0:14:01]} 16. Qxe3 {[%clk 0:41:20]} Bxc5
{[%clk 0:13:57]} 17. Qe5 {[%clk 0:38:02]} Qxe5 {[%clk 0:14:23]} 18. Nxe5
{[%clk 0:38:29]} f6 {[%clk 0:09:46]} 19. Rac1 {[%clk 0:30:56]} Be7
{[%clk 0:07:54]} 20. Nc4 {[%clk 0:28:16]} Rb8 {[%clk 0:05:56]} 21. Nd6
{[%clk 0:26:51]} Rd8 {[%clk 0:05:43]} 22. Nxc8 {[%clk 0:26:57]} Rxd1+
{[%clk 0:05:15]} 23. Rxd1 {[%clk 0:27:26]} Rxc8 {[%clk 0:05:39]} 24. Rd7
{[%clk 0:23:40]} Rc1+ {[%clk 0:05:50]} 25. Bf1 {[%clk 0:24:09]} Bc5
{[%clk 0:03:55]} 26. Rxb7 {[%clk 0:23:32]} Bb6 {[%clk 0:03:22]} 27. b3
{[%clk 0:21:02]} Rc7 {[%clk 0:01:44]} 28. Rb8+ {[%clk 0:21:25]} Kf7
{[%clk 0:02:10]} 29. e3 {[%clk 0:21:35]} Rc1 {[%clk 0:00:45]} 30. a4
{[%clk 0:21:18]} Bc7 {[%clk 0:00:37]} 31. Rb7 {[%clk 0:21:28]} a5
{[%clk 0:01:02]} 32. Kg2 {[%clk 0:21:44]} Ke7 {[%clk 0:00:46]} 33. Bc4
{[%clk 0:22:02]} Kd6 {[%clk 0:00:48]} 34. Ra7 {[%clk 0:21:49]} g5
{[%clk 0:00:33]} 35. Ra6+ {[%clk 0:22:14]} Kc5 {[%clk 0:00:47]} 36. Rxe6
{[%clk 0:22:02]} Be5 {[%clk 0:01:06]} 37. Re7 {[%clk 0:21:57]} Rc2
{[%clk 0:01:07]} 38. Rxh7 {[%clk 0:21:38]} Bc3 {[%clk 0:01:33]} 39. Rf7
{[%clk 0:21:24]} Kd6 {[%clk 0:01:42]} 40. h4 {[%clk 0:21:32]} gxh4
{[%clk 0:02:08]} 41. gxh4 {[%clk 0:22:00]} Ke5 {[%clk 0:02:04]} 42. Re7+
{[%clk 0:21:34]} Kd6 {[%clk 0:02:33]} 43. Re6+ {[%clk 0:21:55]} Kd7
{[%clk 0:03:00]} 44. Re4 {[%clk 0:21:52]} Rd2 {[%clk 0:02:39]} 45. h5
{[%clk 0:22:06]} Rd6 {[%clk 0:03:04]} 46. Bb5+ {[%clk 0:21:21]} Kd8
{[%clk 0:03:23]} 47. Re8+ {[%clk 0:21:38]} Kc7 {[%clk 0:03:50]} 48. h6
{[%clk 0:20:55]} f5 {[%clk 0:04:18]} 49. h7 {[%clk 0:21:20]} Rh6 {[%clk 0:04:44]}
50. Re7+ {[%clk 0:21:44]} Kd6 {[%clk 0:04:54]} 51. Rf7 {[%clk 0:21:56]} Ke5
{[%clk 0:03:41]} 52. Bd3 {[%clk 0:21:55]} Ke6 {[%clk 0:03:42]} 53. Rxf5
{[%clk 0:22:09]} Rxh7 {[%clk 0:04:02]} 54. Re5+ {[%clk 0:22:20]} Kxe5
{[%clk 0:04:09]} 55. Bxh7 {[%clk 0:22:48]} Bd2 {[%clk 0:02:57]} 56. f4+
{[%clk 0:23:02]} Kd5 {[%clk 0:03:13]} 57. Kf3 {[%clk 0:23:24]} Bc1
{[%clk 0:03:32]} 58. Bg8+ {[%clk 0:23:43]} Kd6 {[%clk 0:03:55]} 59. e4
{[%clk 0:24:07]} Bb2 {[%clk 0:04:12]} 60. e5+ {[%clk 0:24:28]} Ke7
{[%clk 0:04:37]} 61. Ke4 {[%clk 0:24:47]} Ba3 {[%clk 0:04:44]} 62. Bc4
{[%clk 0:25:04]} Bb4 {[%clk 0:05:11]} 63. f5 {[%clk 0:25:28]} Ba3
{[%clk 0:05:35]} 64. f6+ {[%clk 0:25:53]} Kf8 {[%clk 0:06:03]} 65. e6
{[%clk 0:26:11]} Bb4 {[%clk 0:06:22]} 66. Kd5 {[%clk 0:26:27]} Ba3
{[%clk 0:06:31]} 67. Kc6 {[%clk 0:26:40]} Ke8 {[%clk 0:06:50]} 68. Kb6
{[%clk 0:26:52]} Bb2 {[%clk 0:07:15]} 69. Bb5+ {[%clk 0:27:17]} 1-0

[Event "EYCC 2024 - O16"]
[Site "?"]
[Date "2024.08.26"]
[Round "5.6"]
[White "Agasarov, Benik"]
[Black "Hajialiyev, Islam"]
[Result "1-0"]
[BlackElo "2173"]
[WhiteElo "2387"]
[LiveChessVersion "1.4.8"]

1. d4 {[%clk 1:29:23]} Nf6 {[%clk 1:30:58]} 2. c4 {[%clk 1:29:46]} e6
{[%clk 1:31:25]} 3. Nf3 {[%clk 1:30:07]} b6 {[%clk 1:31:50]} 4. g3
{[%clk 1:28:46]} Bb7 {[%clk 1:32:16]} 5. Bg2 {[%clk 1:29:11]} Bb4+
{[%clk 1:32:40]} 6. Bd2 {[%clk 1:29:19]} Bxd2+ {[%clk 1:33:04]} 7. Qxd2
{[%clk 1:28:15]} O-O {[%clk 1:32:57]} 8. O-O {[%clk 1:25:34]} d6 {[%clk 1:33:24]}
9. Nc3 {[%clk 1:15:33]} Nbd7 {[%clk 1:33:32]} 10. d5 {[%clk 1:14:50]} e5
{[%clk 1:15:13]} 11. e4 {[%clk 1:14:56]} a5 {[%clk 1:14:31]} 12. b3
{[%clk 1:13:05]} Nc5 {[%clk 1:13:51]} 13. Qc2 {[%clk 1:13:04]} c6
{[%clk 1:09:03]} 14. Nd2 {[%clk 1:09:08]} cxd5 {[%clk 1:08:39]} 15. exd5
{[%clk 1:08:10]} Bc8 {[%clk 1:06:53]} 16. a3 {[%clk 1:03:39]} g6 {[%clk 1:04:37]}
17. Nb5 {[%clk 0:55:25]} Bf5 {[%clk 1:02:48]} 18. Qc3 {[%clk 0:53:48]} Re8
{[%clk 0:55:00]} 19. b4 {[%clk 0:51:25]} Nb7 {[%clk 0:52:16]} 20. h3
{[%clk 0:39:23]} Bd7 {[%clk 0:47:53]} 21. Qe3 {[%clk 0:38:01]} Nh5
{[%clk 0:44:35]} 22. Ne4 {[%clk 0:35:50]} Bxb5 {[%clk 0:36:17]} 23. cxb5
{[%clk 0:35:45]} Ng7 {[%clk 0:31:04]} 24. Rac1 {[%clk 0:31:25]} Nf5
{[%clk 0:30:30]} 25. Qd3 {[%clk 0:31:50]} Nd4 {[%clk 0:25:36]} 26. Rc6
{[%clk 0:32:12]} f5 {[%clk 0:23:14]} 27. Nd2 {[%clk 0:32:19]} axb4
{[%clk 0:22:56]} 28. axb4 {[%clk 0:32:44]} Ra4 {[%clk 0:23:10]} 29. Rb1
{[%clk 0:33:03]} Ra2 {[%clk 0:23:10]} 30. Re1 {[%clk 0:27:01]} Rb2
{[%clk 0:18:39]} 31. Rb1 {[%clk 0:25:12]} Ra2 {[%clk 0:18:51]} 32. Kh1
{[%clk 0:24:37]} Qg5 {[%clk 0:12:08]} 33. Nf3 {[%clk 0:23:56]} Nxf3
{[%clk 0:11:42]} 34. Qxf3 {[%clk 0:24:21]} Rea8 {[%clk 0:10:46]} 35. Rxb6
{[%clk 0:23:07]} R8a3 {[%clk 0:10:54]} 36. Qxa3 {[%clk 0:17:20]} Rxa3
{[%clk 0:11:23]} 37. Rxb7 {[%clk 0:17:44]} Ra2 {[%clk 0:07:32]} 38. b6
{[%clk 0:17:27]} Qd2 {[%clk 0:05:51]} 39. Rb8+ {[%clk 0:15:49]} Kg7
{[%clk 0:06:20]} 40. b7 {[%clk 0:15:49]} Qxf2 {[%clk 0:06:45]} 41. Rg8+
{[%clk 0:16:14]} Kxg8 {[%clk 0:07:10]} 42. b8=Q+ {[%clk 0:16:39]} Kg7
{[%clk 0:07:37]} 43. Rg1 {[%clk 0:16:30]} Qxg3 {[%clk 0:07:06]} 44. Qxd6
{[%clk 0:15:43]} Kh6 {[%clk 0:06:33]} 45. Qf8+ {[%clk 0:15:32]} Kh5
{[%clk 0:06:22]} 46. Qf7 {[%clk 0:15:42]} h6 {[%clk 0:05:53]} 47. d6
{[%clk 0:16:03]} Rd2 {[%clk 0:05:53]} 48. d7 {[%clk 0:15:30]} e4 {[%clk 0:04:52]}
49. Qe8 {[%clk 0:15:46]} Qd6 {[%clk 0:04:24]} 50. d8=Q {[%clk 0:16:03]} Qxd8
{[%clk 0:04:34]} 51. Bf3+ {[%clk 0:16:29]} Kh4 {[%clk 0:01:42]} 52. Qxg6
{[%clk 0:16:53]} Qd6 {[%clk 0:00:59]} 53. Qh5# {[%clk 0:17:18]} 1-0

[Event "EYCC 2024 - O16"]
[Site "?"]
[Date "2024.08.26"]
[Round "5.7"]
[White "Smeets, Kobe"]
[Black "Perea Fruet, Lorenzo"]
[Result "0-1"]
[BlackElo "2373"]
[WhiteElo "2322"]
[LiveChessVersion "1.4.8"]

1. e4 {[%clk 1:30:57]} c6 {[%clk 1:30:28]} 2. Nc3 {[%clk 1:30:34]} d5
{[%clk 1:30:52]} 3. Nf3 {[%clk 1:31:01]} dxe4 {[%clk 1:31:06]} 4. Nxe4
{[%clk 1:31:29]} Nf6 {[%clk 1:31:35]} 5. Qe2 {[%clk 1:31:50]} Na6
{[%clk 1:32:01]} 6. a3 {[%clk 1:32:18]} Nxe4 {[%clk 1:32:11]} 7. Qxe4
{[%clk 1:32:46]} Qd5 {[%clk 1:32:40]} 8. Qxd5 {[%clk 1:32:26]} cxd5
{[%clk 1:33:08]} 9. d4 {[%clk 1:32:34]} f6 {[%clk 1:30:20]} 10. Bf4
{[%clk 1:30:40]} Nb8 {[%clk 1:25:00]} 11. h4 {[%clk 1:27:22]} h5 {[%clk 1:20:11]}
12. Kd2 {[%clk 1:23:30]} Nc6 {[%clk 1:18:54]} 13. c3 {[%clk 1:18:33]} Bf5
{[%clk 1:16:27]} 14. Bb5 {[%clk 1:17:10]} Kd7 {[%clk 1:13:07]} 15. Nh2
{[%clk 1:12:37]} a6 {[%clk 1:09:01]} 16. Ba4 {[%clk 1:07:01]} b5 {[%clk 1:07:46]}
17. Bd1 {[%clk 1:03:21]} e5 {[%clk 1:04:59]} 18. dxe5 {[%clk 1:01:24]} fxe5
{[%clk 1:05:24]} 19. Bg5 {[%clk 1:01:40]} Bc5 {[%clk 1:04:13]} 20. b4
{[%clk 0:48:32]} Bb6 {[%clk 0:59:25]} 21. Bb3 {[%clk 0:48:57]} Kd6
{[%clk 0:56:49]} 22. Rhd1 {[%clk 0:45:25]} Rhf8 {[%clk 0:55:00]} 23. f3
{[%clk 0:34:30]} a5 {[%clk 0:50:14]} 24. Nf1 {[%clk 0:34:01]} axb4
{[%clk 0:46:01]} 25. axb4 {[%clk 0:32:56]} d4 {[%clk 0:42:31]} 26. Rxa8
{[%clk 0:32:14]} Rxa8 {[%clk 0:42:48]} 27. Ng3 {[%clk 0:30:57]} Bg6
{[%clk 0:42:16]} 28. Kc1 {[%clk 0:23:09]} Kc7 {[%clk 0:37:04]} 29. Ne2
{[%clk 0:22:05]} Ra1+ {[%clk 0:30:51]} 30. Kb2 {[%clk 0:22:29]} Rxd1
{[%clk 0:31:17]} 31. Bxd1 {[%clk 0:22:57]} dxc3+ {[%clk 0:31:21]} 32. Nxc3
{[%clk 0:13:50]} Bd4 {[%clk 0:31:04]} 33. Be2 {[%clk 0:13:22]} Kb6
{[%clk 0:28:07]} 34. Bd2 {[%clk 0:06:42]} Nxb4 {[%clk 0:27:35]} 35. Kb3
{[%clk 0:04:02]} Nd3 {[%clk 0:26:44]} 36. Nxb5 {[%clk 0:00:42]} Kxb5
{[%clk 0:26:29]} 37. Kc2 {[%clk 0:01:11]} Kc4 {[%clk 0:25:58]} 38. Be1
{[%clk 0:01:05]} Be3 {[%clk 0:22:37]} 39. Bf1 {[%clk 0:01:31]} e4
{[%clk 0:18:00]} 40. fxe4 {[%clk 0:02:00]} Bxe4 {[%clk 0:18:29]} 41. Bc3
{[%clk 0:01:26]} g6 {[%clk 0:18:30]} 42. Be1 {[%clk 0:01:44]} Bf5
{[%clk 0:15:59]} 43. Bc3 {[%clk 0:01:30]} Bd4 {[%clk 0:14:49]} 44. Be1
{[%clk 0:01:32]} Be5 {[%clk 0:13:33]} 45. Bf2 {[%clk 0:01:39]} Bc3
{[%clk 0:12:39]} 46. Be2 {[%clk 0:01:50]} Bd4 {[%clk 0:12:37]} 47. Be1
{[%clk 0:02:03]} Be5 {[%clk 0:11:50]} 48. Bf2 {[%clk 0:02:16]} Bf6
{[%clk 0:12:15]} 49. Bf1 {[%clk 0:02:15]} Bd4 {[%clk 0:12:06]} 50. Be1
{[%clk 0:02:35]} Bg1 {[%clk 0:11:52]} 51. Bc3 {[%clk 0:02:56]} Bf2
{[%clk 0:12:08]} 52. Bf6 {[%clk 0:03:22]} Be1 {[%clk 0:12:06]} 53. Be2
{[%clk 0:03:44]} Be4 {[%clk 0:12:05]} 54. Bf1 {[%clk 0:03:58]} Bf2
{[%clk 0:12:27]} 55. Be2 {[%clk 0:03:52]} Bd4 {[%clk 0:12:52]} 56. Bg5
{[%clk 0:04:12]} Bf2 {[%clk 0:11:44]} 57. Bf6 {[%clk 0:04:37]} Bd4
{[%clk 0:09:50]} 58. Bg5 {[%clk 0:05:01]} Be5 {[%clk 0:10:14]} 59. Kd2
{[%clk 0:03:00]} Bf5 {[%clk 0:10:03]} 60. Bf1 {[%clk 0:02:23]} Bg7
{[%clk 0:07:38]} 61. Be2 {[%clk 0:02:15]} Bc3+ {[%clk 0:07:41]} 62. Ke3
{[%clk 0:00:40]} Bb2 {[%clk 0:08:04]} 63. Kf3 {[%clk 0:00:34]} Bg4+
{[%clk 0:08:10]} 64. Ke3 {[%clk 0:00:41]} Bc1+ {[%clk 0:08:25]} 0-1

[Event "EYCC 2024 - O16"]
[Site "?"]
[Date "2024.08.26"]
[Round "5.8"]
[White "Tabuenca Mendataurigoitia, Daniel"]
[Black "Rustamov, Rustam"]
[Result "1/2-1/2"]
[BlackElo "2283"]
[WhiteElo "2431"]
[LiveChessVersion "1.4.8"]

1. e4 {[%clk 1:30:58]} c5 {[%clk 1:30:52]} 2. Ne2 {[%clk 1:31:14]} d6
{[%clk 1:30:32]} 3. g3 {[%clk 1:31:27]} g6 {[%clk 1:29:32]} 4. Bg2
{[%clk 1:31:37]} Bg7 {[%clk 1:29:20]} 5. c3 {[%clk 1:31:53]} e5 {[%clk 1:29:13]}
6. d4 {[%clk 1:31:54]} Ne7 {[%clk 1:26:12]} 7. dxc5 {[%clk 1:28:24]} dxc5
{[%clk 1:26:34]} 8. Qxd8+ {[%clk 1:27:26]} Kxd8 {[%clk 1:27:01]} 9. Be3
{[%clk 1:22:43]} b6 {[%clk 1:26:56]} 10. a4 {[%clk 1:14:55]} Nbc6
{[%clk 1:22:14]} 11. Na3 {[%clk 1:09:43]} Be6 {[%clk 1:18:53]} 12. O-O-O+
{[%clk 0:58:23]} Kc7 {[%clk 1:16:46]} 13. Kc2 {[%clk 0:46:37]} a6
{[%clk 1:16:41]} 14. h4 {[%clk 0:43:55]} Na5 {[%clk 1:05:16]} 15. Nc1
{[%clk 0:43:13]} h5 {[%clk 1:04:56]} 16. Bh3 {[%clk 0:38:58]} Bxh3
{[%clk 1:04:10]} 17. Rxh3 {[%clk 0:39:26]} f5 {[%clk 1:03:40]} 18. Bg5
{[%clk 0:31:28]} Rae8 {[%clk 1:03:01]} 19. Rhh1 {[%clk 0:30:33]} fxe4
{[%clk 1:01:55]} 20. Rhe1 {[%clk 0:25:34]} Rhf8 {[%clk 1:02:12]} 21. Rd2
{[%clk 0:25:37]} Nf5 {[%clk 1:02:01]} 22. Rxe4 {[%clk 0:25:25]} Nd6
{[%clk 1:01:48]} 23. Re1 {[%clk 0:23:43]} Nac4 {[%clk 1:00:25]} 24. Nxc4
{[%clk 0:23:25]} Nxc4 {[%clk 1:00:51]} 25. Rde2 {[%clk 0:23:48]} Rf3
{[%clk 1:00:33]} 26. Nd3 {[%clk 0:14:33]} Ref8 {[%clk 1:00:34]} 27. Rd1
{[%clk 0:12:41]} R8f7 {[%clk 0:56:08]} 28. b3 {[%clk 0:07:54]} Nd6
{[%clk 0:54:28]} 29. Be3 {[%clk 0:08:20]} Nf5 {[%clk 0:53:05]} 30. Bg5
{[%clk 0:07:49]} Nd6 {[%clk 0:53:11]} 31. Be3 {[%clk 0:04:38]} Nf5
{[%clk 0:47:04]} 32. Bg5 {[%clk 0:03:31]} Nd6 1/2-1/2